Five-figure logarithmic and other tables, (Record no. 543702)

000 -LEADER
fixed length control field 00434cam a2200145u 4500
082 ## - DEWEY DECIMAL CLASSIFICATION NUMBER
Classification number 512.9220212
Author Mark CAS
-- D
100 1# - MAIN ENTRY--PERSONAL NAME
Personal name Castle, Frank,
9 (RLIN) 38832
245 00 - TITLE STATEMENT
Title Five-figure logarithmic and other tables,
260 ## - PUBLICATION, DISTRIBUTION, ETC.
Place of publication, distribution, etc. Toronto,
Name of publisher, distributor, etc. The Macmillan company of Canada limited,
Date of publication, distribution, etc. 1942.
300 ## - PHYSICAL DESCRIPTION
Extent 2 p.
Other physical details l., 64 p.
Dimensions 21 x 17 cm.
526 ## - STUDY PROGRAM INFORMATION NOTE
Program name 0
Interest level 0
Reading level 0
Title point value 512_922021200000000_CAS
650 #0 - SUBJECT ADDED ENTRY--TOPICAL TERM
Topical term or geographic name entry element Mathematics
650 #0 - SUBJECT ADDED ENTRY--TOPICAL TERM
Topical term or geographic name entry element MCE
9 (RLIN) 379
942 ## - ADDED ENTRY ELEMENTS (KOHA)
Source of classification or shelving scheme
Koha item type Book
Holdings
Withdrawn status Lost status Source of classification or shelving scheme Damaged status Not for loan Permanent Location Current Location Date acquired Total Checkouts Full call number Barcode Date last seen Price effective from Koha item type
          Military College of Engineering (MCE) Military College of Engineering (MCE) 03/28/2014   512.9220212 CAS MCE-2944 03/28/2014 03/28/2014 Book
© 2023 Central Library, National University of Sciences and Technology. All Rights Reserved.